00674nam a2200205Ia 4500003000400000008004100004020002300045040000800068100001900076245007300095260002800168300001500196365001200211901002100223902003400244903005800278942001200336952010300348999001700451LDD181029s9999 xx 000 0 und d a415384788cP 18.99 cLDD aWilknson, Paul 0aTerrorism Versus DemocracybThe Liberl State ResponsecPaul Wilknson aLondonbRoutledgec2006 axvii, 254p bP 18.99 a3498b20-11-2006 a11477b27-12-2006cFdGBHe32 aDiscount-10bReqst by : Nayak, Pandav (Prof.)  2ddccBK 00102ddc4070976988aLDDbLDDl0o363.325156 W654Tp060317r2018-11-01v1666.75w2018-11-01yBK c76989d76989